CSGO Weapons - Statistics

General Stats
  • This quiz has been taken 506 times
  • The average score is 26 of 40
Answer Stats
Hint Answer % Correct
CT Rifle M4A1-S
99%
T Rifle AK-47
98%
Sniper AWP
97%
T Pistol Glock 18
88%
T Rifle Galil AR
86%
CT Rifle M4A4
86%
Pistol Deagle
82%
CT Pistol USPS
82%
Pistol P250
80%
CT Rifle Famas
77%
CT Pistol P2000
76%
T Grenade Molotov
73%
Heavy Negev
73%
Grenade Smoke
73%
T Pistol Tec-9
73%
CT Pistol Five-SeveN
72%
Sniper SSG08
71%
CT Rifle AUG
70%
CT SMG Mp9
70%
Grenade Flashbang
69%
T SMG Mac-10
68%
SMG Mp7
67%
CT Sniper Scar-20
65%
Heavy Nova
60%
Grenade Decoy
59%
SMG Mp5-SD
59%
SMG P90
59%
Grenade High Explosive
57%
Heavy M249
56%
Pistol R8 Revolver
55%
CT Heavy Mag-7
54%
SMG UMP
54%
SMG PP-Bizon
53%
T Heavy Sawed Off
48%
T Rifle SG553
47%
Pistol CZ-75 auto
45%
CT Grenade Incendiary
41%
Heavy XM1014
36%
T Sniper G3SG1
33%
Pistol Duel Berettas
19%
No matching quizzes found
Score Distribution
Percent of People with Each Score
Percentile by Number Answered
Your Score History
You have not taken this quiz